000 00355nam a2200145Ia 4500
003 LK-CoDNM
008 t xxu||||| |||| 00| 0 sin d
040 _aLK-CoDNM
_dLK-CoDNM
_eLK-CoDNM
080 _aA.G. / 10
041 _asin
_a
245 _aAlavaka Damanaya
300 _aPalm leaf , Foll 21 , 20 1/4 in. x 2 1/4 in.
650 _aPoetry
942 _cPL
999 _c79357
_d79357